| 000 | 00630nam a2200241Ia 4500 | ||
|---|---|---|---|
| 005 | 20250425162212.0 | ||
| 008 | 250425s9999 xx 000 0 und d | ||
| 020 | _a970103967X | ||
| 041 | _aspa | ||
| 082 | _a604.2 | ||
| 100 | _aJENSEN, CECIL | ||
| 245 | 0 | _aDIBUJO Y DISEÑO EN INGENIERIA | |
| 250 | _a6A ED. | ||
| 260 | _aMEXICO | ||
| 260 |
_aMéxico _bMCGRAW HILL _c2004 |
||
| 300 | _a840 | ||
| 500 |
_aEN CIBGZ-FIMCP 50455-58 C.1-C.4 _ 54.00 PARA ING. MECANICA.- MHP. |
||
| 650 | _aDIBUJO ASISTIDO POR COMPUTADORA | ||
| 650 | _aDIBUJO BASICO | ||
| 650 | _aGEOMETRIA APLICADA | ||
| 942 | _c01 | ||
| 010 | _a56447 | ||
| 999 |
_c224428 _d224428 |
||